| 000 | 00538nam a22002177a 4500 | ||
|---|---|---|---|
| 999 |
_c6814 _d6814 |
||
| 001 | 6814 | ||
| 003 | BD-JhCC | ||
| 005 | 20180130184801.0 | ||
| 008 | 180130b1957 unka|||| |||| 00| 0 eng d | ||
| 035 | _a(BD-JhCC)6814 | ||
| 040 |
_aBD-JhCC _dBD-JhCC |
||
| 041 | _aeng | ||
| 082 |
_a823.91 _bJAC 1957 |
||
| 100 | _aJackson, Hoole | ||
| 245 |
_aThe Sign Of The Glove / _cHoole Jackson |
||
| 260 |
_aLondon : _bBlackie & Son Limited; _c1957. |
||
| 300 |
_a206 p. _c18 cm. |
||
| 650 | _aFrench Fiction | ||
| 942 |
_2ddc _cBK |
||